000
00202 a2200097 4500
001
2037
100
_a
Irvin, G E
245
_a
Aircraft instruments.
260
_a
_b
Mc Graw Hill
_c
090
_c
1506
_d
1506
942
_a
NUST-CAE
_c
M
_c
5625
999
_c
237110
_d
237110